000 01119nam a2200385 a 4500
003 AR-BaBNM
005 20251128205816.0
008 082120s2002 ||||||||||||||000 | spa||
020 _a84-271-1393-5
040 _cAR-BaBNM
100 1 _aVega Fuente, Amando
245 0 0 _aLos maestros y las drogas
_bprograma de formación profesional
260 _aBilbao
_bEdiciones Mensajero
_c1984
300 _a253 p.
_bgráfs., il., tablas
490 0 _aFormación permanente
500 _aCuestionario de evaluación: p. 221-235
500 _aVocabulario básico: p. 245-249
504 _aBibliografía al final de cada capítulo
504 _aBibliografía comentada: p. 237-244
610 2 4 _aOrganización Mundial de la Salud
650 4 _aFORMACION DE DOCENTES
650 4 _aDROGAS
650 4 _aADICCION
650 4 _aDROGADICCION
650 4 _aNIÑOS
650 4 _aADOLESCENCIA
650 4 _aDROGAS
650 4 _aDROGAS
650 4 _aPAPEL DE LA ESCUELA
651 4 _aEspaña
653 _aEDUCACION PARA LA SALUD
653 _aPREVENCION DE ADICCIONES
942 _cBK
998 _carturo
999 _c12892
_d12892